| 000 | 00515nam a2200205Ia 4500 | ||
|---|---|---|---|
| 008 | 170918s9999 xx 000 0 und d | ||
| 020 | _a9780516268309 | ||
| 050 | _bR683 2004 | ||
| 100 | _aRockliff, Mara | ||
| 245 | _aNext to an ant / | ||
| 245 | _cMara Rockliff ; illustrated by Pascale Constantin. | ||
| 260 | _aNew York : | ||
| 260 | _bScholastic, | ||
| 260 | _c2004 | ||
| 300 | _a23 pages : | ||
| 300 | _bcolored illustration ; | ||
| 300 | _c18cm. | ||
| 440 | _aA rookie reader. | ||
| 500 | _a250 | ||
| 999 |
_c341115 _d341115 |
||